| Tag |
First Indicator |
Second Indicator |
Subfields |
| LEADER |
00000cam a2200000Ia 4500 |
| 001 |
in00002273713 |
| 005 |
20190326190556.0 |
| 006 |
m | d | |
| 007 |
cr |n||||||||n |
| 008 |
880404s1825 enk s 000 0 eng d |
| 040 |
|
|
|a NYG
|c GKR
|d OCL
|d Thomson Gale
|d UtOrBLW
|
| 043 |
|
|
|a e-ie---
|
| 100 |
1 |
|
|a White, George,
|d -1867.
|
| 245 |
1 |
2 |
|a A digest of the evidence in the first report from the Select committee on the state of Ireland /
|c by George White.
|
| 264 |
|
1 |
|a London :
|b I. Onwhyn,
|c 1825
|
| 264 |
|
3 |
|a London :
|b W. Reynolds
|
| 300 |
|
|
|a pages 6-166 ;
|c 22 cm.
|
| 336 |
|
|
|a text
|b txt
|2 rdacontent
|
| 337 |
|
|
|a computer
|b c
|2 rdamedia
|
| 338 |
|
|
|a online resource
|b cr
|2 rdacarrier
|
| 500 |
|
|
|a Reproduction of original from Goldsmiths' Library, University of London.
|
| 500 |
|
|
|a Goldsmiths'-Kress number 24445.
|
| 501 |
|
|
|a With: A digest of the evidence in the second report of the Select Committee on the state of Ireland / George White. London : J. Onwhyn, 1825.
|
| 510 |
4 |
|
|a OCLC,
|c 17728601
|
| 533 |
|
|
|a Electronic reproduction.
|b Farmington Hills, Mich. :
|c Thomson Gale,
|d 2005.
|f (The making of the modern world).
|n Available via the World Wide Web.
|n Access limited to licensing agreements.
|7 s2005 miunns
|
| 500 |
|
|
|a Electronic resource.
|
| 651 |
|
0 |
|a Ireland
|x Politics and government.
|
| 650 |
|
0 |
|a Catholic emancipation
|z Ireland.
|
| 655 |
|
0 |
|a Electronic books.
|
| 710 |
1 |
|
|a Great Britain.
|b Parliament.
|b House of Commons.
|b Select Committee on the State of Ireland.
|
| 830 |
|
0 |
|a Making of the modern world (Goldsmiths'-Kress Library of Economic Literature)
|
| 856 |
4 |
0 |
|u http://proxy.library.tamu.edu/login?url=http://galenet.galegroup.com/servlet/MOME?af=RN&ae=U110332936&srchtp=a&ste=14&locID=txshracd2898
|z Connect to the full text of this electronic book
|t 0
|
| 999 |
|
|
|a MARS
|
| 999 |
f |
f |
|s c1c08d5a-4f8e-3da3-8014-ef4757e4042b
|i 4d71a17c-1f23-38ec-bcc3-0e055c49096c
|t 0
|
| 952 |
f |
f |
|a Texas A&M University
|b College Station
|c Electronic Resources
|d Available Online
|t 0
|h No information provided
|
| 998 |
f |
f |
|t 0
|l Available Online
|